000
00218 a2200097 4500
001
14294
100
_a
Beales, A.C.F
245
_a
Teaching of history in school
260
_a
_b
Univ of london
_c
090
_c
11204
_d
11204
942
_a
NUST-CAE
_c
M
_c
1342
999
_c
249367
_d
249367